India Economics Information Year Book, 1988-89/ (Record no. 8525)
[ view plain ]
| 000 -LEADER | |
|---|---|
| fixed length control field | 00329cam a2200133ua 4500 |
| 020 ## - INTERNATIONAL STANDARD BOOK NUMBER | |
| ISBN | 8121402301 |
| 082 ## - DEWEY DECIMAL CLASSIFICATION NUMBER | |
| Classification number | 338.954 |
| Item number | AGR/IN |
| 100 ## - MAIN ENTRY--AUTHOR NAME | |
| Personal name | Agarwal, A.N . |
| 100 ## - MAIN ENTRY--AUTHOR NAME | |
| Personal name | Gupta, R.C . |
| 100 ## - MAIN ENTRY--AUTHOR NAME | |
| Personal name | Varma, H.O |
| 245 00 - TITLE STATEMENT | |
| Title | India Economics Information Year Book, 1988-89/ |
| 300 ## - PHYSICAL DESCRIPTION | |
| Number of Pages | 293 ; . |
| 942 ## - ADDED ENTRY ELEMENTS (KOHA) | |
| Koha item type | Reference |
| Withdrawn status | Lost status | Damaged status | Collection code | Home library | Current library | Shelving location | Date acquired | Full call number | Accession Number | Koha item type |
|---|---|---|---|---|---|---|---|---|---|---|
| Reference | KAUAET | KAUAET | Reference | 16/03/1989 | 338.954.AGR/IN | 16503 | Reference |
